| 000 | 00701nam a2200229Ia 4500 | ||
|---|---|---|---|
| 003 | OSt | ||
| 005 | 20230825111824.0 | ||
| 008 | 210716s1994 xx 000 0 und d | ||
| 020 | _a8170293820 | ||
| 040 | _cAIMIT LIBRARY | ||
| 041 | _aeng | ||
| 082 |
_a005.11FP _21 _bGRIY |
||
| 100 |
_aGriver, Yair Alan. _9130967 |
||
| 245 |
_aFoxpro 2.6 codebook / _cBy Yair Alan Griver. |
||
| 250 | _a1 st ed. | ||
| 260 |
_aNew Delhi : _bBPB Publications , _c1994. |
||
| 300 |
_axxvi,748p. ; _bPB _c21 cm. |
||
| 650 |
_aTechnical standards and guidelines _9130968 |
||
| 650 |
_aCreating reusable objects _9130969 |
||
| 650 |
_aApplication specific reports _9130970 |
||
| 942 |
_2ddc _cBK _e1st ed. _k005.11FP GRIY |
||
| 999 |
_c183722 _d183722 |
||